Development and management process of multipurpose farm or farmer in takeo and kampong speu province ដំណើរការគ្រប់គ្រង និងការអភិវឌ្ឍន៏កសិដ្ឋាន ពហុប្រយោគន៏របស់កសិករ នៅខេត្តតាកែវ និងកំពង់ស្ពឺ (Record no. 984)

000 -LEADER
fixed length control field 00714nam a22001577a 4500
003 - CONTROL NUMBER IDENTIFIER
control field OSt
005 - DATE AND TIME OF LATEST TRANSACTION
control field 20150921153534.0
008 - FIXED-LENGTH DATA ELEMENTS--GENERAL INFORMATION
fixed length control field 150921b xxu||||| |||| 00| 0 eng d
040 ## - CATALOGING SOURCE
Transcribing agency RUA
082 ## - DEWEY DECIMAL CLASSIFICATION NUMBER
Classification number AGR VON 2006 B034 Or.1
100 ## - MAIN ENTRY--PERSONAL NAME
9 (RLIN) 1025
Personal name VONG, SAMBO.
245 ## - TITLE STATEMENT
Title Development and management process of multipurpose farm or farmer in takeo and kampong speu province ដំណើរការគ្រប់គ្រង និងការអភិវឌ្ឍន៏កសិដ្ឋាន ពហុប្រយោគន៏របស់កសិករ នៅខេត្តតាកែវ និងកំពង់ស្ពឺ
260 ## - PUBLICATION, DISTRIBUTION, ETC. (IMPRINT)
Place of publication, distribution, etc. Phnom Penh
Name of publisher, distributor, etc. RUA
Date of publication, distribution, etc. 2006
300 ## - PHYSICAL DESCRIPTION
Extent 50p.
Other physical details ill.
Dimensions 29cm.
942 ## - ADDED ENTRY ELEMENTS (KOHA)
Source of classification or shelving scheme
Koha item type AGR
Holdings
Price effective from Date last seen Permanent Location Not for loan Date acquired Date last checked out Source of classification or shelving scheme Koha item type Total Checkouts Barcode Lost status Damaged status Withdrawn status Current Location Full call number
2015-09-212016-12-02Library Block B 2015-09-212016-10-19 AGR1RUA002845   Library Block BAGR VON 2006 B034 Or.1
2015-09-212023-06-06Library Block B 2015-09-212023-05-17 AGR1RUA002773   Library Block BAGR VON 2006 B034 Or.2
2015-09-212022-02-01Library Block B 2015-09-212022-01-25 AGR1RUA002701   Library Block BAGR VON 2006 B034 Or.3
2015-09-212015-09-21Library Block B 2015-09-21  AGR RUA002983   Library Block BAGR VON 2006 B034 Or.4
មជ្ឈមណ្ឌលឯការនៃសាកលវិទ្យាល័យភូមិន្ទកសិកម្មចំការដូង

Powered by Koha